000
00302nam a22001097a 4500
005
20251014135729.0
008
251014b |||||||| |||| 00| 0 eng d
040
_c
PK-LaNCA
082
_a
720.92
_b
KAR
245
_a
Karl Friedrich Schinkel 1781-1841 : an architect in the service of beauty
942
_c
BK
999
_c
67084
_d
67084